Imperfect bifurcation in structures and materials (Record no. 4152)

MARC details
000 -LEADER
fixed length control field 00740 a2200193 4500
000 - LEADER
fixed length control field BKB
001 - CONTROL NUMBER
control field 070724
005 - DATE AND TIME OF LATEST TRANSACTION
control field 20200902150856.0
008 - FIXED-LENGTH DATA ELEMENTS--GENERAL INFORMATION
fixed length control field
082 ## - DEWEY DECIMAL CLASSIFICATION NUMBER
Classification number 620.00151
Item number I3I
100 1# - MAIN ENTRY--PERSONAL NAME
Personal name Ikeda, Kiyohiro
245 1# - TITLE STATEMENT
Title Imperfect bifurcation in structures and materials
Statement of responsibility, etc by Kiyohiro Ikeda and Kazuo Murota
250 ## - EDITION STATEMENT
Edition statement 2nd ed.
260 ## - PUBLICATION, DISTRIBUTION, ETC. (IMPRINT)
Place of publication, distribution, etc New York
Name of publisher, distributor, etc Springer
Date of publication, distribution, etc 2010
300 ## - PHYSICAL DESCRIPTION
Extent 517p.
690 ## - LOCAL SUBJECT ADDED ENTRY--TOPICAL TERM (OCLC, RLIN)
Topical term or geographic name as entry element Engineering mathematics; Structural analysis (Engineering)--Mathematical models; Bifurcation theory; Mechanical engineering; Differentiable dynamical systems; Engineering; Mathematics; Structural analysis (Engineering)
700 ## - ADDED ENTRY--PERSONAL NAME
Personal name Murota, Kazuo
Numeration
Titles and other words associated with a name
964 ## -
--
-- ENG
--
--
--
--
--
Holdings
Withdrawn status Lost status Damaged status Not for loan Home library Current library Date acquired Cost, normal purchase price Total Checkouts Full call number Barcode Date last seen Price effective from Koha item type
        Central University Of Rajasthan Central University Of Rajasthan 07/03/2012 4119.77   620.00151 I3I 5011 21/11/2024 02/09/2020 Books